Una cortina de follaje
Gespeichert in:
| 1. Verfasser: | |
|---|---|
| Format: | Buch |
| Sprache: | Undetermined |
| Veröffentlicht: |
Barcelona, España
Anagrama
1969
|
| Schlagworte: | |
| Tags: |
Tag hinzufügen
Keine Tags, Fügen Sie den ersten Tag hinzu!
|
MARC
| LEADER | 00000nam a2200000Ia 4500 | ||
|---|---|---|---|
| 008 | 170316s9999 xx 000 0 und d | ||
| 040 | |a cru BVZT | ||
| 090 | |a 810 W-17u | ||
| 100 | |a Welty, Eudora | ||
| 245 | |a Una cortina de follaje | ||
| 260 | |a Barcelona, España | ||
| 260 | |b Anagrama | ||
| 260 | |c 1969 | ||
| 300 | |a 219 páginas | ||
| 650 | |a LITERATURA ESTADOUNIDENSE | ||
| 999 | |c 6243 |d 6243 | ||
| 942 | |c 15 D |h 810 W-17u |2 z | ||
